| 000 | 00566nam a2200181 i 4500 | ||
|---|---|---|---|
| 001 | 77494 | ||
| 003 | ES-MaACL | ||
| 007 | t| | ||
| 008 | 931025s1895 fr ||||1| spa d | ||
| 245 | 0 | 0 |
_aAntologĂa Colombiana / _ccolegida por Emiliano Isaza. |
| 260 |
_aParis [etc] : _b[s.n.], _c1895 ( _fImp. de la Vda. de Ch. Bouret) |
||
| 300 |
_a1 v. ; _c18 cm. |
||
| 490 | 1 |
_aBiblioteca de poetas americanos ; _v1 |
|
| 700 | 1 |
_aIsaza, Emiliano. _965546 |
|
| 830 | 0 |
_aBiblioteca de poetas americanos ; _v1 _9231352 |
|
| 852 |
_aES-MaACL _jG-3801 |
||
| 999 |
_c77494 _d77494 |
||